MAIORES CIDADES ESTADUAIS QUE COMEÇAM COM A LETRA B - Statistics

Estatísticas Gerais
  • Esse quiz foi jogado 40 vezes
  • A pontuação média é 9 de 26
Estatísticas das Respostas
ESTADO Resposta POSIÇÃO NO ESTADO POPULAÇÃO % Correto
PARÁ BELÉM 1.303.389
86%
MINAS GERAIS BELO HORIZONTE 2.315.560
86%
RIO DE JANEIRO BELFORD ROXO 483.087
72%
RORAIMA BOA VISTA 413.486
72%
SANTA CATARINA BLUMENAU 361.261
67%
SÃO PAULO BAURU 18º 379.146
47%
BAHIA BARREIRAS 10º 159.743
44%
ESPIRITO SANTO BARRA DE SÃO FRANCISCO 13º 42.498
42%
MATO GROSSO BARRA DO BUGRES 23º 29.403
42%
SERGIPE BARRA DOS COQUIEROS 41.511
42%
RIO GRANDE DO SUL BENTO GONÇALVES 16º 123.151
36%
MATO GROSSO DO SUL BONITO 25º 23.659
36%
PARAÍBA BAYEUX 82.742
33%
MARANHÃO BACABAL 103.711
28%
CEARÁ BARBALHA 17º 73.033
19%
PIAUÍ BARRAS 47.938
19%
ACRE BRASILÉIA 26.000
14%
AMAZONAS BENJAMIM CONSTANT 15º 37.648
11%
ALAGOAS BOCA DA MATA 36º 21.187
11%
PARANÁ BANDEIRANTES 61º 31.273
8%
RIO GRANDE DO NORTE BARAÚNA 21º 26.913
8%
GOIÁS BELA VISTA DE GOIÁS 36º 34.445
6%
PERNAMBUCO BELO JARDIM 21º 76.439
6%
DISTRITO FEDERAL BRAZLÂNDIA 20º 55.561
6%
RONDÔNIA BURITIS 13º 27.992
6%
TOCANTINS BURITIS DO TOCANTINS 26º 10.307
6%
Nenhum quiz correspondente encontrado
Distribuição das Pontuações
Porcentagem de Pessoas com Cada Pontuação
Percentil de Números Respondidos
Sua Pontuação Histórica
Você não jogou esse quiz